|
|
|
|
| LEADER |
00000nab a2200000 ar4500 |
| 001 |
vtls010333464 |
| 003 |
SK-MaSNL |
| 005 |
20260318121514.0 |
| 008 |
120109c2010 xo ar|p|||| |000 c|rus |
| 015 |
|
|
|a SNBRA2012/01
|
| 038 |
|
|
|a SVKPOCL
|
| 040 |
|
|
|a SVKPO
|b slo
|c SVKPO
|e AACR2
|
| 041 |
|
|
|a rus
|b eng
|
| 044 |
|
|
|a xo
|c SK
|
| 080 |
|
|
|a 821.161.1
|2 2001
|
| 080 |
|
|
|a 81'373.23
|2 2001
|
| 100 |
1 |
|
|a Guzi, Ľubomír,
|d 1972-
|4 aut
|9 101120
|
| 245 |
1 |
0 |
|a Imena pravitelej, v časnosti russkich carej, v roli precedentnych fenomenov
|c Ljubomir Guzi
|
| 504 |
|
|
|a Lit.
|
| 546 |
|
|
|a Res. angl.
|
| 650 |
0 |
7 |
|a ruská literatúra
|2 svkpocl
|9 1204
|
| 650 |
0 |
7 |
|a ruskí cári
|2 svkpocl
|9 1578926
|
| 650 |
0 |
7 |
|a prezývky
|2 svkpocl
|9 30878
|
| 650 |
0 |
7 |
|a vládcovia
|2 svkpocl
|9 569148
|
| 650 |
0 |
7 |
|a lingvistika
|2 svkpocl
|9 860
|
| 650 |
0 |
7 |
|a konotácia
|2 svkpocl
|9 1273757
|
| 655 |
|
7 |
|a štúdie
|2 svkpocl
|9 57033
|
| 773 |
0 |
|
|t Hľadanie ekvivalentnosti V.
|b zborník z medzinárodnej vedeckej konferencie rusistov, konanej v dňoch 7. - 9. septembra 2010 na KRaT IRUS FF PU v Prešove : centrálna téma konferencie: Jazykový obraz postsovietskej epochy
|d Prešov : Filozofická fakulta Prešovskej univerzity, 2010
|g S. 171-183
|z 9788055502670
|
| 852 |
|
|
|a SVKPO
|b KIS3GCP
|
| 958 |
|
|
|a SK
|
| 958 |
|
|
|a NB
|
| 958 |
|
|
|a RU
|
| 958 |
|
|
|a LX
|
| 999 |
|
|
|c 3226613
|d 3228543
|